Labview Basic II Development Course Manual (Record no. 233318)

000 -LEADER
fixed length control field 00338nam a22001217a 4500
003 - CONTROL NUMBER IDENTIFIER
control field Nust
005 - DATE AND TIME OF LATEST TRANSACTION
control field 20170306171503.0
008 - FIXED-LENGTH DATA ELEMENTS--GENERAL INFORMATION
fixed length control field 170306b xxu||||| |||| 00| 0 eng d
040 ## - CATALOGING SOURCE
Transcribing agency .
082 ## - DEWEY DECIMAL CLASSIFICATION NUMBER
Classification number 006
100 ## - MAIN ENTRY--PERSONAL NAME
Personal name National Instruments Corporation
245 ## - TITLE STATEMENT
Title Labview Basic II Development Course Manual
260 ## - PUBLICATION, DISTRIBUTION, ETC.
Place of publication, distribution, etc. New York :
Name of publisher, distributor, etc. National Instrumentation Corporation,
Date of publication, distribution, etc. 2005.
300 ## - PHYSICAL DESCRIPTION
Extent (i-v) p. ;
Other physical details 28 cm.
500 ## - GENERAL NOTE
General note Paperback.
942 ## - ADDED ENTRY ELEMENTS (KOHA)
Koha item type Book
Source of classification or shelving scheme
Holdings
Withdrawn status Lost status Source of classification or shelving scheme Damaged status Not for loan Permanent Location Current Location Shelving location Date acquired Full call number Barcode Date last seen Price effective from Koha item type
          School of Mechanical & Manufacturing Engineering (SMME) School of Mechanical & Manufacturing Engineering (SMME) Book Bank 03/06/2017 006 SMME-BB53 04/02/2018 03/06/2017 Book
© 2023 Central Library, National University of Sciences and Technology. All Rights Reserved.